States with the Most IKEA Locations Quiz - Statistics

General Stats
  • This quiz has been taken 72 times
    18 since last reset
  • The average score is 8 of 11
Answer Stats
Locations State % Correct
19 California
100%
9 Florida
100%
6 New York
100%
16 Texas
100%
7 Illinois
73%
6 Virginia
67%
4 New Jersey
60%
4 North Carolina
60%
5 Ohio
53%
4 Pennsylvania
53%
7 Maryland
47%
No matching quizzes found
Score Distribution
Percent of People with Each Score
Percentile by Number Answered
Your Score History
You have not taken this quiz since the last reset